000 00511cam a2200157 a 4500
001 000014522
005 20200929163850.0
008 980225s1996 cl 001 0 spa d
040 _aDO-SdBNP
_bspa
_cBNPHU
082 _axx
_bxx
110 1 _aChile.
_bServicio Nacional de la Mujer.
_932852
245 1 0 _aPlan de igualdad de oportunidades para las mujeres, 1994-1999.
260 _aSantiago, Chile :
_bServicio Nacional de la Mujer,
_c1996.
300 _a71 p. ;
_c30 cm.
650 0 _aWomen's rights
_zChile.
_932853
999 _c14111
_d14111